Statistics for Type The Alphabet

Click here to take the quiz!

General Stats

  • This quiz has been taken 1,801 times
  • The average score is 23 of 26

Answer Stats

HintAnswer% Correct
1.A
97%
5.E
97%
4.D
96%
2.B
94%
3.C
94%
7.G
94%
6.F
93%
8.H
92%
9.I
91%
11.K
91%
10.J
90%
12.L
90%
19.S
90%
18.R
89%
13.M
88%
15.O
88%
17.Q
88%
20.T
88%
21.U
88%
23.W
88%
14.N
87%
16.P
87%
22.V
86%
25.Y
86%
24.X
85%
26.Z
85%

Score Distribution

Percentile by Number Answered

Percent of People with Each Score

Your Score History

You have not taken this quiz